LEADER 01091nam a2200325 i 4500 001 991001344779707536 005 20020507191754.0 008 010111s1989 uk ||| | eng 020 $a0471506834 035 $ab10834606-39ule_inst 035 $aLE01310858$9ExL 040 $aDip.to Matematica$beng 082 0 $a512.55 084 $aAMS 20G 100 1 $aCarter, Roger W.$045596 245 10$aSimple groups of Lie type /$cRoger W. Carter 250 $aWiley classics library ed 260 $aLondon :$bJ. Wiley,$c1989 300 $aviii, 335 p. :$bill. ;$c24 cm 490 0 $aWiley classics library 500 $a"A Wiley-Interscience publications. ": t.p. 500 $aIncludes index. 500 $aBibliography: p. 315-326 650 4$aLie groups 907 $a.b10834606$b23-02-17$c28-06-02 912 $a991001344779707536 945 $aLE013 20G CAR11 (1989)$g1$i2013000124773$lle013$o-$pE0.00$q-$rl$s- $t0$u3$v1$w3$x0$y.i10943973$z28-06-02 996 $aSimple Groups of Lie Type$9346135 997 $aUNISALENTO 998 $ale013$b01-01-01$cm$da $e-$feng$guk $h0$i1